000
00321nam a2200133Ia 4500
005
20260328104325.0
008
260328s9999||||xx |||||||||||||| ||und||
100
_a
Calatrava, Juan
245
0
_a
Schinkel; Werner Szambien /
_c
Juan Calatrava
260
_b
Akal
300
_a
159 p.
650
_a
ARQUITECTURA
942
_c
BK
999
_c
11492
_d
11492